000 02345cam a2200301 i 4500
003 SA-RiAUC
005 20250917123038.0
008 250913s1987 sy g 00000 ara c
040 _aSA-RiAUC
_bara
_cSA-RiAUC
_erda
050 1 4 _bI2682 1987
082 0 4 _a212.8
090 _a212.8
_bا ب ن ط
100 1 _aابن طولون، محمد بن علي بن أحمد،
_d880-953 هجري
_eمؤلف.
245 1 0 _aفص الخواتم فيما قيل في الولائم /
_cلشمس الدين محمد بن علي بن طولون الدمشقي الصالحي ؛ تحقيق نزار أباظه. .
264 1 _aدمشق :
_bدار الفكر،
_c1987
300 _a127 صفحة ؛
_c24سم
336 _aنص
_btxt
_2rdacontent
_3كتاب
337 _aبدون وسيط
_bn
_2rdamedia
338 _aمجلد
_bnc
_2rdacarrier
650 7 _aآداب المائدة
_2aucsh
650 7 _aالأخلاق الإسلامية
_2aucsh
650 7 _aالآداب الإسلامية
_2aucsh
700 1 _aأباظة، نزار محمد،
_d1946-
_eمحقق.
856 _uhttp://www.alwaraq.net/Core/AlwaraqSrv/bookpage?book=564&option=1&fkey=2&page=1
_yDigital Copy
_2 نرجو الانتباه لإمكانية وجود اختلاف في الطبعة أو الناشر بين البيانات على البوابة وما ستجده على الكتاب نظرا لمحدودية المعلومات المتاحة على الموقع الناشر للمادة.
_3Please note that there may be a difference in the edition or publisher between the data on the portal and the book due to the limited information available on the publisher website for the material.
856 _uhttp://www.alwaraq.net/Core/waraq/coverpage?bookid=564&option=1
_yExternal Link
_2 نرجو الانتباه لإمكانية وجود اختلاف في الطبعة أو الناشر بين البيانات على البوابة وما ستجده على الكتاب نظرا لمحدودية المعلومات المتاحة على الموقع الناشر للمادة.
_3Please note that there may be a difference in the edition or publisher between the data on the portal and the book due to the limited information available on the publisher website for the material.
942 _2ddc
_cBOOK
_n0
949 _aSA-JeALM
_d250913
_umohamedma123
_n1
999 _c11849
_d11849